Copyright your software
Uloženo v:
| Hlavní autor: | |
|---|---|
| Médium: | Kniha |
| Jazyk: | angličtina |
| Vydáno: |
Berkeley
Nolo Press
1998
|
| Vydání: | 2a. ed |
| Témata: | |
| Tagy: |
Přidat tag
Žádné tagy, Buďte první, kdo vytvoří štítek k tomuto záznamu!
|
MARC
| LEADER | 00000cam a2200000 a 4500 | ||
|---|---|---|---|
| 001 | UCE4256 | ||
| 003 | CL-VaPUC | ||
| 008 | 141016e19980900us |||||||||||||||||eng|d | ||
| 020 | |a 0873374940 | ||
| 082 | 0 | 4 | |a 346.7304 |b FIS |2 21 |
| 100 | 0 | |a Fishman, Stephen |e author |9 576825 | |
| 245 | 1 | 0 | |a Copyright your software |
| 250 | |a 2a. ed | ||
| 300 | |a pág. irreg | ||
| 942 | |c BK | ||
| 945 | |d 20141016 12:02:00 |a arojas | ||
| 260 | |a Berkeley |b Nolo Press |c 1998 | ||
| 650 | 7 | |a DERECHOS DE AUTOR |2 CL-VaPUC |9 255076 | |
| 650 | 0 | |a Propiedad intelectual |9 256126 | |
| 650 | 7 | |a PROGRAMAS DE COMPUTADOR |2 CL-VaPUC |9 262390 | |
| 650 | 0 | |a Software |9 387312 | |
| 651 | 0 | |a Estados Unidos |9 255178 | |
| 583 | |a last modification |c 20141016 12:02:00 |k Rodrigo Vera | ||
| 999 | |c 357281 |d 357279 | ||
| 952 | |0 0 |1 0 |3 erb |4 0 |6 346_730400000000000_FIS_1998 |7 0 |8 A |9 465159 |a BIBING |b BIBING |i 5118697 |o 346.7304 FIS 1998 |p 5118697 |r 2025-01-20 |w 2019-11-23 |y BK |z Catalogado en:20141016 |k EII | ||